| 000 | 00503nam a22001937a 4500 | ||
|---|---|---|---|
| 003 | NUST - PNEC | ||
| 005 | 20170116180826.0 | ||
| 008 | 150703b xxu||||| |||| 00| 0 eng d | ||
| 020 | _a- | ||
| 040 | _cLIBRARY | ||
| 082 | _a330.9199 FAZ | ||
| 100 |
_94338 _aKhan, M.Fazle Karim |
||
| 245 |
_aEconomic geography _cM.Fazle Karim Khan |
||
| 250 | _a9th ed | ||
| 260 |
_aKarachi _bSaleem Publishing House _cc1989. |
||
| 300 | _a268 p. : | ||
| 650 |
_94339 _aEconomic geography _xMIS |
||
| 942 |
_2ddc _cBK |
||
| 999 |
_c63869 _d63869 |
||